| 000 | 00000nam 2200000zi 4500 |
| 001 | 9.932273 |
| 003 | CaOODSP |
| 005 | 20240214113803 |
| 006 | m o d f |
| 007 | cr |n||||||||| |
| 008 | 240110e202402 onc ob f100 0 eng d |
| 020 | |a9780660695631 |
| 040 | |aCaOODSP|beng|erda|cCaOODSP |
| 043 | |an-cn-on |
| 086 | 1 |aFs70-4/2024-005E-PDF |
| 245 | 00|aProceedings of the regional peer review on the updated recovery potential assessment for northern madtom (Noturus stigmosus), 2012–2022 : |bmeeting dates: November 29–30, 2022, location: virtual / |cchairpersons: Roanne Collins and Karine Robert ; editors: Lianna Lopez and Robin Gáspárdy. |
| 264 | 1|aOttawa ON : |bCanadian Science Advisory Secretariat (CSAS), |cFebruary 2024. |
| 264 | 4|c©2024 |
| 300 | |a1 online resource (iv, 14 pages). |
| 336 | |atext|btxt|2rdacontent |
| 337 | |acomputer|bc|2rdamedia |
| 338 | |aonline resource|bcr|2rdacarrier |
| 490 | 1 |aProceedings series, |x1701-1280 ; |v2024/005 |
| 500 | |aIssued also in French under title: Compte rendu de l’examen par les pairs régional sur l’évaluation actualisée du potentiel de rétablissement du chat-fou (Noturus stigmosus), de 2012 à 2021. |
| 504 | |aIncludes bibliographical references. |
| 650 | 0|aNorthern madtom|xConservation|zOntario|vCongresses. |
| 655 | 7|aConference papers and proceedings|2lcgft |
| 700 | 1 |aCollins, Roanne K.|q(Roanne Kyla) |
| 710 | 2 |aCanadian Science Advisory Secretariat, |eissuing body. |
| 710 | 1 |aCanada. |bDepartment of Fisheries and Oceans. |bOntario and Prairie Region, |eissuing body. |
| 775 | 08|tCompte rendu de l’examen par les pairs régional sur l’évaluation actualisée du potentiel de rétablissement du chat-fou (Noturus stigmosus), de 2012 à 2021 : |w(CaOODSP)9.932274 |
| 830 | #0|aProceedings series (Canadian Science Advisory Secretariat)|v2024/005.|w(CaOODSP)9.506483 |
| 856 | 40|qPDF|s389 KB|uhttps://publications.gc.ca/collections/collection_2024/mpo-dfo/fs70-4/Fs70-4-2024-005-eng.pdf |